000 00490cam a2200145 4500
008 150415n 000 0 eng u
020 _a9789250069524
035 _a(Sirsi) a189413
050 _aFAO SH327.6 INT 2011
110 1 _aFood and Agriculture Organization
245 _aInternational guidelines on bycatch management and reduction of discards
260 _aRome:
_bFood and Agriculture Organization,
_c2011
300 _av,73p.:
_bill.
504 _aBycatches(fisheries)-Prevention
999 _c125272
_d125272